书目信息 |
| 题名: |
蛇结
|
|
| 作者: | 莫里亚克 著 ;顾琪静 译 | |
| 分册: | ||
| 出版信息: | 成都 四川文艺出版社 2025.04 |
|
| 页数: | 233页 | |
| 开本: | 18cm | |
| 丛书名: | ||
| 单 册: | ||
| 中图分类: | I565.45 | |
| 科图分类: | ||
| 主题词: | 长篇小说--法国--现代 | |
| 电子资源: | ||
| ISBN: | 978-7-5411-7222-9 | |
| 000 | 01020nam0 2200253 450 | |
| 001 | 013166413 | |
| 005 | 20251022144917.96 | |
| 010 | @a978-7-5411-7222-9@b精装@dCNY58.00 | |
| 100 | @a20250423d2025 em y0chiy0120 ea | |
| 101 | 1 | @achi@cfre |
| 102 | @aCN@b510000 | |
| 105 | @ay z 000ay | |
| 106 | @ar | |
| 200 | 1 | @a蛇结@9she jie@dLe n?ud de viperes@f(法)弗朗索瓦·莫里亚克(Francois Mauriac)著@g顾琪静译@zfre |
| 210 | @a成都@c四川文艺出版社@d2025.04 | |
| 215 | @a233页@d18cm | |
| 330 | @a本书以第一人称书信体形式,讲述了老律师路易在书信中控诉自己的妻子伊莎,倾泻自己的憎恨与怨念。他怨恨伊莎鄙夷他的身世;怨恨伊莎过往的情史;怨恨孩子的出生抢走了对他的关注。书信变成自我剖解和悔恨,在死亡来临的最终时刻他幡然醒悟。 | |
| 510 | 1 | @aLe n?ud de viperes@zfre |
| 606 | 0 | @a长篇小说@y法国@z现代 |
| 690 | @aI565.45@v5 | |
| 701 | 0 | @c(法)@a莫里亚克@9mo li ya ke@c(Mauriac, Francois@f1885-1970)@4著 |
| 702 | 0 | @a顾琪静@9gu qi jing@4译 |
| 801 | 0 | @aCN@c20250911 |
| 905 | @a河南城建学院图书馆@dI565.45@eM858-3@ZM858-3@f1 | |
| 蛇结=Le n?ud de viperes/(法)弗朗索瓦·莫里亚克(Francois Mauriac)著/顾琪静译.-成都:四川文艺出版社,2025.04 |
| 233页;18cm |
| ISBN 978-7-5411-7222-9(精装):CNY58.00 |
| 本书以第一人称书信体形式,讲述了老律师路易在书信中控诉自己的妻子伊莎,倾泻自己的憎恨与怨念。他怨恨伊莎鄙夷他的身世;怨恨伊莎过往的情史;怨恨孩子的出生抢走了对他的关注。书信变成自我剖解和悔恨,在死亡来临的最终时刻他幡然醒悟。 |
| ● |
| 相关链接 |
|
|
|
正题名:蛇结
索取号:I565.45/M858-3
 
预约/预借
| 序号 | 登录号 | 条形码 | 馆藏地/架位号 | 状态 | 备注 |
| 1 | 1636503 | 216365038 | 文学库116/116文学库 24排4列2层/ [索取号:I565.45/M858-3] | 在馆 |